<?xml version="1.0" encoding="UTF-8"?><collection xmlns="info:lc/xmlns/marcxchange-v2"><record format="Unimarc" type="bibliographic"><leader>00806cam  2200253   450 </leader><controlfield tag="001">1681500</controlfield><controlfield tag="003">http://id.bnportugal.gov.pt/bib/porbase/1681500</controlfield><controlfield tag="005">20030628175500.0</controlfield><datafield ind1=" " ind2=" " tag="010"><subfield code="a">0-8018-5414-8</subfield><subfield code="b">pbk.</subfield></datafield><datafield ind1=" " ind2=" " tag="035"><subfield code="9">70833</subfield></datafield><datafield ind1=" " ind2=" " tag="095"><subfield code="a">PTBN00978875</subfield></datafield><datafield ind1=" " ind2=" " tag="100"><subfield code="a">19971206d1996    k  y0pory0103    ba</subfield></datafield><datafield ind1="0" ind2=" " tag="101"><subfield code="a">eng</subfield></datafield><datafield ind1=" " ind2=" " tag="102"><subfield code="a">GB</subfield></datafield><datafield ind1="1" ind2=" " tag="200"><subfield code="a">Matrix computations</subfield><subfield code="f">Gene H. Golub, Charles F. Van Loan</subfield></datafield><datafield ind1=" " ind2=" " tag="205"><subfield code="a">Third Edition</subfield></datafield><datafield ind1=" " ind2=" " tag="210"><subfield code="a">Baltimore</subfield><subfield code="c">The Johns Hopkins University Press</subfield><subfield code="d">1996</subfield></datafield><datafield ind1=" " ind2=" " tag="215"><subfield code="a">694 p.</subfield></datafield><datafield ind1=" " ind2=" " tag="675"><subfield code="a">519.6(043.2)</subfield><subfield code="v">BN</subfield><subfield code="z">por</subfield><subfield code="3">304652</subfield></datafield><datafield ind1=" " ind2="1" tag="700"><subfield code="a">Golub</subfield><subfield code="b">Gene H.</subfield><subfield code="3">1364582</subfield></datafield><datafield ind1=" " ind2="1" tag="701"><subfield code="a">Loan</subfield><subfield code="b">Charles F. van</subfield><subfield code="4">070</subfield><subfield code="3">398864</subfield></datafield><datafield ind1=" " ind2="0" tag="801"><subfield code="a">PT</subfield><subfield code="b">BN</subfield><subfield code="g">RPC</subfield></datafield><datafield ind1=" " ind2=" " tag="977"><subfield code="1">007-03-26</subfield><subfield code="2">coop</subfield><subfield code="4">ESGLE</subfield><subfield code="6">mq3035861</subfield><subfield code="7">bc</subfield><subfield code="8">coop</subfield><subfield code="9">ESGLE</subfield><subfield code="k">0</subfield></datafield><datafield ind1=" " ind2=" " tag="977"><subfield code="1">3-4-.180</subfield><subfield code="2">coop</subfield><subfield code="4">ISEC</subfield><subfield code="6">efalt270907</subfield><subfield code="7">bc</subfield><subfield code="8">coop</subfield><subfield code="9">ISEC</subfield><subfield code="b">08699</subfield><subfield code="k">0</subfield></datafield><datafield ind1=" " ind2=" " tag="977"><subfield code="1">3-4-180</subfield><subfield code="2">coop</subfield><subfield code="4">ISEC</subfield><subfield code="6">mq3215423</subfield><subfield code="7">bc</subfield><subfield code="8">coop</subfield><subfield code="9">ISEC</subfield><subfield code="k">0</subfield></datafield><datafield ind1=" " ind2=" " tag="998"><subfield code="a">IEC11-383</subfield></datafield></record></collection>